Apellidos más comunes en Chile - Estadísticas

Estadísticas generales
  • Esta prueba ha sido intentada 347 veces
  • La puntuación promedio es 12 de 25
Estadísticas de respuestas
Inicial Apellido Número % Correcto
G González 364.213
89%
P Pérez 160.727
80%
R Rodríguez 120.342
79%
M Martínez 123.988
69%
L López 118.787
67%
D Díaz 202.032
64%
H Hernández 111.148
63%
M Muñoz 282.968
62%
R Ramírez 104.349
54%
R Rojas 207.657
52%
G Gutiérrez 99.020
51%
T Torres 110.671
50%
S Soto 144.358
49%
S Silva 129.719
42%
F Fuentes 113.605
38%
F Flores 108.550
37%
M Morales 122.977
36%
C Castro 98.686
34%
C Contreras 137.129
34%
C Castillo 107.334
30%
S Sepúlveda 123.140
30%
V Valenzuela 106.312
30%
E Espinoza 109.052
28%
R Reyes 102.837
26%
A Araya 114.592
24%
No se encontraron pruebas coincidentes
Distribución de puntuación
Porcentaje de gente con cada puntuación
Porcentaje por número respondido
Historial de tus puntuaciones
No has intentado esta prueba.